000 00956nac a22002771i 4500
003 EG-ScBUE
005 20250804094226.0
008 250804t1997 njua f b 001 0 eng d
020 _a0136401783
020 _a9780136401780
040 _aEG-ScBUE
_beng
_erda
_cEG-ScBUE
_dEG-ScBUE
082 0 4 _a547.05
_bSPE
_222
100 1 _aSpessard, Gary O.,
_eauthor.
245 1 0 _aOrganometallic chemistry /
_cGary O. Spessard, Gary L. Miessler, St. Olaf College, Northfield, Minnesota.
264 1 _aUpper Saddle River, N.J. :
_bPrentice-Hall,
_c[1997]
264 4 _cc1997
300 _axi, 561 pages :
_billustrations ;
_c24 cm
336 _2rdacontent
_atext
_btxt
337 _aunmediated
_2rdamedia
_bn
338 _avolume
_bnc
_2rdacarrier
504 _aIncludes bibliographical references and index.
650 7 _aOrganometallic chemistry.
_2BUEsh
655 _vReading book
700 1 _aMiessler, Gary L.,
_d1949-
_eauthor.
942 _cBB
_2ddc
999 _c2636
_d2636